| 000 | 00419nam a22001457a 4500 | ||
|---|---|---|---|
| 082 |
_a621.3747 _bSCH _cL-10, P-7 |
||
| 100 |
_aSchure, Alexander _941545 |
||
| 245 |
_aCrystal Oscillators _bSchure, Alexander |
||
| 250 | _a1st | ||
| 260 |
_aNew York _bJohn F. Rider Publishers, Inc _c1955 |
||
| 300 |
_avii, 63 p. : _bill, ; _c20 cm. |
||
| 526 |
_a0 _b0 _c0 _d621_374700000000000_SCH |
||
| 650 |
_aMCE _9379 |
||
| 942 |
_2ddc _cBK |
||
| 999 |
_c545739 _d545739 |
||